Kadra reprezentacji Anglii na Euro 2024 - Statystyki

Ogólne statystyki
  • Ten quiz został rozwiązany 1 009 razy
  • Średni wynik to 16 z 26
Statystyki odpowiedzi
Zawodnik Pozycja Klub % Poprawnych
Jordan Pickford Bramkarz Everton
94%
Harry Kane Napastnik Bayern Monachium
91%
Jude Bellingham Napastnik Real Madryt
82%
Bukayo Saka Napastnik Arsenal
78%
Cole Palmer Napastnik Chelsea
75%
Ollie Watkins Napastnik Aston Villa
74%
Phil Foden Napastnik Manchester City
74%
John Stones Obrońca Manchester City
73%
Aaron Ramsdale Bramkarz Arsenal
71%
Declan Rice Pomocnik Arsenal
69%
Kyle Walker Obrońca Manchester City
68%
Trent Alexander-Arnold Pomocnik Liverpool
63%
Joe Gomez Obrońca Liverpool
56%
Dean Henderson Bramkarz Crystal Palace
55%
Luke Shaw Obrońca Manchester United
55%
Eberechi Eze Napastnik Crystal Palace
54%
Ivan Toney Napastnik Brentford
53%
Marc Guehi Obrońca Crystal Palace
53%
Anthony Gordon Napastnik Newcastle United
50%
Kobbie Mainoo Pomocnik Manchester United
46%
Jarrod Bowen Napastnik West Ham United
45%
Kieran Trippier Obrońca Newcastle United
44%
Ezri Konsa Obrońca Aston Villa
43%
Lewis Dunk Obrońca Brighton
39%
Conor Gallagher Pomocnik Chelsea
29%
Adam Wharton Pomocnik Crystal Palace
22%
Nie znaleziono quizów pasujących do podanych kryteriów
Rozkład punktacji
Procent ludzi z każdym wynikiem
Percentyl według liczby udzielonych odpowiedzi
Twoja historia wyników
Nie rozwiązałeś tego quizu